000 01006nam0a2200289 i 4500
001 RU\NLR\bibl\2069044
005 20240723111711.0
010 _a9785386053895
_93000
021 _aRU
_b2013-60226
_94137
035 _a(NLR Aleph) 002055433
090 _a4661533
_c4661533
100 _a20130904d2013 u y0rusy50 ca
101 1 _arus
_cpol
102 _aRU
105 _ay |||||||||
200 1 _aДело Нины С.
_fМария Нуровская
_g[пер. с пол. О. Катречко]
210 _aМосква
_cРипол классик
_d2013
215 _a316, [1] с.
_d21
225 1 _aМировой бестселлер
225 1 _aМария Нуровская. Мировой бестселлер
686 _aШ6(4П)77-440.4{Лх1129-50}
700 1 _aНуровская
_bМ.
_f1944-
_gМария
_4070
801 0 _aRU
_bNLR
_c20130904
_gRCR
801 1 _aRU
_bNLR
_c20130904
942 _cBOOK
980 _aNBR